The Clues are in German - Christmas Movies - Statistics

General Stats
  • This quiz has been taken 55 times
    51 since last reset
  • The average score is 8 of 14
Answer Stats
Hint Answer % Correct
Der 8-jährige Kevin wird von seiner Familie zu Hause vergessen und bekämpft Banditen Kevin - Allein zu Haus
95%
John McClane gewinnt seine Frau zurück, indem er Terroristen tötet Stirb Langsam
86%
Grünes Monster, das Weihnachten stehlen will Der Grinch
81%
Alle lachen ihn aus, bis er mit Dasher, Dancer, Prancer etc. den Schlitten des Weihnachtsmanns zieht Rudolph mit der roten Nase
71%
Jack Skellington aus Halloween Town möchte auch einmal Weihnachten feiern Nightmare Before Christmas
67%
Ein Engel überzeugt George Bailey (James Stewart) vom Sinn seines Lebens Ist das Leben nicht schön?
62%
Liebesgeschichten mit Emma Thompson, Hugh Grant, Keira Knightley, Liam Neeson und Bill Nighy Tatsächlich... Liebe.
62%
Der erste Film mit den "Peanuts" A Charlie Brown Christmas
50%
Kris Kringle arbeitet bei Macy's als Weihnachtsmann. Oder ist er gar der echte? Das Wunder von Manhattan
50%
Bill Murray benimmt sich wie Ebenezer aus Dickens' "Weihnachtsgeschichte" Die Geister, die ich rief...
50%
Süßes Geschenk aus Chinatown: Füttern und Wasser nach Mitternacht verboten! Gremlins
50%
Für Ralphie gibt es ein eine Red Ryder BB Gun, für seinen Vater eine Leselampe in Form eines Frauenbeins Fröhliche Weihnachten
45%
Arnold Schwarzenegger und Sinbad streiten sich um einen Turbo-Man Versprochen ist Versprochen
45%
Auf einem von Gene Autry gesungenen Lied basierendes Fernsehspecial, in dem ein Schneemann zum Nordpol geht Frosty the Snowman
17%
No matching quizzes found
Score Distribution
Percent of People with Each Score
Percentile by Number Answered
Your Score History
You have not taken this quiz since the last reset